Online Catalogue and eLibrary

Ethnic conflict,minority protection and conflict resolution : (Record no. 4955)

MARC details
000 -LEADER
fixed length control field 00274nam a2200097Ia 4500
008 - FIXED-LENGTH DATA ELEMENTS--GENERAL INFORMATION
fixed length control field 240331s9999 xx 000 0 und d
082 ## - DDC Classification
Item Number - Author Mark ETH
100 ## - MAIN ENTRY--PERSONAL NAME
Personal name ICES. ed
245 #0 - TITLE STATEMENT
Title Ethnic conflict,minority protection and conflict resolution :
Remainder of title ohuman right perspectives
942 ## - Koha item type (Biblio)
Koha item type Books in Stacks (Lending)

No items available.

© WERC Library